000 00582nam a2200229Ia 4500
003 OSt
005 20220924153619.0
006 a|||||r|||| 00| 0
007 ta
008 220923b |||||||| |||| 00| 0 tam d
024 _a351008
037 _cTextual
040 _aARTS
_cARTS
_btam
041 _2tam
_atam
082 _aO31,6N311w, P5
100 _aRamaswamy Au.
_939321
245 0 _aKirushan nampi
_b nivaivodai
260 _c2003
650 _aTAMIL LITERATURE
942 _hO31,6N311w, P5
_cTEXL
_2CC
999 _c474271
_d474271